Introduction to rehabilitation engineering / (Record no. 52358)

MARC details
000 -LEADER
fixed length control field 00771nam a2200265Ia 4500
005 - DATE AND TIME OF LATEST TRANSACTION
control field 20260429112112.0
008 - FIXED-LENGTH DATA ELEMENTS--GENERAL INFORMATION
fixed length control field 260429s9999||||xx |||||||||||||| ||und||
020 ## - INTERNATIONAL STANDARD BOOK NUMBER
International Standard Book Number 9781032121529
041 ## - LANGUAGE CODE
Language English
082 ## - DEWEY DECIMAL CLASSIFICATION NUMBER
Classification number 610.28
Item number COO
100 ## - MAIN ENTRY--PERSONAL NAME
Personal name Cooper, Rory A.
245 #0 - TITLE STATEMENT
Title Introduction to rehabilitation engineering /
Statement of responsibility, etc Rory A. Cooper
250 ## - EDITION STATEMENT
Edition statement 2nd ed.
260 ## - PUBLICATION, DISTRIBUTION, ETC. (IMPRINT)
Place of publication, distribution, etc Boca Raton :
Name of publisher, distributor, etc CRC Press,
Date of publication, distribution, etc 2026.
300 ## - PHYSICAL DESCRIPTION
Extent xv, 364 p.; hb
440 ## - SERIES STATEMENT/ADDED ENTRY--TITLE
Title Series in medical physics and biomedical engineering
650 ## - SUBJECT ADDED ENTRY--TOPICAL TERM
Topical term or geographic name as entry element Biomedical engineering
650 ## - SUBJECT ADDED ENTRY--TOPICAL TERM
Topical term or geographic name as entry element Rehabilitation engineering
700 ## - ADDED ENTRY--PERSONAL NAME
Personal name Cooper, Rosemarie
700 ## - ADDED ENTRY--PERSONAL NAME
Personal name Ohnabe, Hisaichi
700 ## - ADDED ENTRY--PERSONAL NAME
Personal name Tabakov, Slavik
700 ## - ADDED ENTRY--PERSONAL NAME
Personal name Titenour, E. Russell
700 ## - ADDED ENTRY--PERSONAL NAME
Personal name Kwan-Hoong
942 ## - ADDED ENTRY ELEMENTS (KOHA)
Koha item type Text Books
Holdings
Withdrawn status Lost status Damaged status Not for loan Collection code Home library Location Shelving location Date of Cataloging Source of acquisition Total Checkouts Full call number Barcode Date last seen Price effective from Koha item type
        Non-fiction CUTN Central Library CUTN Central Library Medicine, Technology & Management 29/04/2026 CBS Publishers & Distributors, New Delhi - Invoice No. COR/IN/26/11710 on   610.28 COO 57434 29/04/2026 29/04/2026 Text Books